Nouveau dictionnaire de la langue allemande et françoise (Record no. 164987)

MARC details
000 -LEADER
campo de control de longitud fija 01385nam a2200253 i 4500
001 - NÚMERO DE CONTROL
campo de control 164987
003 - IDENTIFICADOR DE NÚMERO DE CONTROL
campo de control ES-MaACL
005 - FECHA Y HORA DE LA ÚLTIMA TRANSACCIÓN
campo de control 20250531063035.0
008 - DATOS DE LONGITUD FIJA--INFORMACIÓN GENERAL
campo de control de longitud fija 981211m17831784gw |||| | fre d
040 ## - FUENTE DE CATALOGACIÓN
Centro catalogador/agencia de origen CCPB | B
Lengua de catalogación spa
Centro/agencia transcriptor CCPB | B
100 1# - ENTRADA PRINCIPAL--NOMBRE DE PERSONA
Nombre de persona Schwan, Christian Friedrich,
Fechas asociadas al nombre 1733-1815
9 (RLIN) 104856
245 10 - MENCIÓN DEL TÍTULO
Título Nouveau dictionnaire de la langue allemande et françoise
Resto del título : composé sur les dictionnaires de M. Adelung et de l'Académie Françoise : Enrichi des termes propres des sciences et des arts ... /
Mención de responsabilidad, etc. par Chrétien Frédéric Schwan ... ; revu et corrigé pour la partie françoise par M. Uriot ...; Tome Premier [-Second].
250 ## - MENCION DE EDICION
Mención de edición Nouvelle édition corrigée en plusieurs endroits et augmentée.
260 ## - PUBLICACIÓN, DISTRIBUCIÓN, ETC.
Lugar de publicación, distribución, etc. A Mannheim :
Nombre del editor, distribuidor, etc. Chez C. F. Schwan et M. Fontaine, Libraires,
Fecha de publicación, distribución, etc. 1783-1784.
300 ## - DESCRIPCIÓN FÍSICA
Extensión 2 v. ([1] h., [10], 964 p. ; [1] h., 1151 p.) ;
Dimensiones 26 cm.
594 ## - Nota al título y mención de responsabilidad
Nota al título y mención de responsabilidad Texto en alemán y traducción en francés.
597 ## - NOTA DE DESCRIPCIÓN FÍSICA
NOTA DE DESCRIPCIÓN FÍSICA Sign.:[ ]2)(4, )(\p4\s, )(\p4\s, A-Z4, 2A-2Z4, 3A-3Z4, 4A-4Z4, 5A-5Z4, 6A-6E4, 6F3 ; Sign.:[ ]1, A-Z4, 2A-2Z4, 3A-3Z4, 4A-4Z4, 5A-5Z4, 6A-6Z4, 7A-7F4.
597 ## - NOTA DE DESCRIPCIÓN FÍSICA
NOTA DE DESCRIPCIÓN FÍSICA Texto a dos col.
650 #4 - PUNTO DE ACCESO ADICIONAL DE MATERIA--TÉRMINO DE MATERIA
Término de materia o nombre geográfico como elemento de entrada Diccionarios políglotas-
Subdivisión de forma Obras anteriores a 1800.
9 (RLIN) 165239
700 1# - ENTRADA AGREGADA--NOMBRE PERSONAL
Nombre de persona Uriot, Joseph.
9 (RLIN) 165240
852 ## - LOCALIZACIÓN
Ubicación ES-MaACL
Número de control de estantería R-183-84
Nota libre -- Enc. hol.
Encuadernación -- Olim: G-4746-7
Holdings
Estatus retirado Estado de pérdida Estado de daño No para préstamo Colección Biblioteca de origen Biblioteca actual Ubicación en estantería Fecha de adquisición Total de préstamos Signatura topográfica completa Código de barras Visto por última vez Precio de reemplazo Tipo de ítem Koha
        Colección de referencia Biblioteca del Ateneo de Madrid Biblioteca del Ateneo de Madrid Depósito 17/01/2008   R-183-84 1172957 23/02/2023 23/02/2023 Libro impreso antiguo